Menschenhandel und Zwangsheirat: Menschenrechtsverletzungen an Frauen
| Main Author: | |
|---|---|
| Format: | Print Article |
| Language: | German |
| Check availability: | HBZ Gateway |
| Interlibrary Loan: | Interlibrary Loan for the Fachinformationsdienste (Specialized Information Services in Germany) |
| Published: |
2003
|
| In: |
Geist & Leben
Year: 2003, Volume: 76, Issue: 5, Pages: 384-389 |
| Standardized Subjects / Keyword chains: | B
Deutschland (boat, 1866-1875)
/ White slave trade
/ Prostitution
/ Struggle against
B Wedding ceremony / Compulsion |
| RelBib Classification: | TK Recent history ZB Sociology |
| Further subjects: | B
Slavery
B Women B human rights violations B Menschenrechtsverletzungen B Frauen |
MARC
| LEADER | 00000caa a22000002c 4500 | ||
|---|---|---|---|
| 001 | 596925832 | ||
| 003 | DE-627 | ||
| 005 | 20221017164718.0 | ||
| 007 | tu | ||
| 008 | 160405s2003 xx ||||| 00| ||ger c | ||
| 035 | |a (DE-627)596925832 | ||
| 035 | |a (DE-576)466250584 | ||
| 035 | |a (DE-599)GBV596925832 | ||
| 040 | |a DE-627 |b ger |c DE-627 |e rakwb | ||
| 041 | |a ger | ||
| 084 | |a 1 |2 ssgn | ||
| 100 | 1 | |0 (DE-588)109303954 |0 (DE-627)497643618 |0 (DE-576)164529411 |4 aut |a Ackermann, Lea |d 1937-2023 | |
| 109 | |a Ackermann, Lea 1937-2023 | ||
| 245 | 1 | 0 | |a Menschenhandel und Zwangsheirat |b Menschenrechtsverletzungen an Frauen |
| 264 | 1 | |c 2003 | |
| 336 | |a Text |b txt |2 rdacontent | ||
| 337 | |a ohne Hilfsmittel zu benutzen |b n |2 rdamedia | ||
| 338 | |a Band |b nc |2 rdacarrier | ||
| 601 | |a Menschenhandel | ||
| 601 | |a Zwangsheirat | ||
| 601 | |a Menschenrechtsverletzung | ||
| 650 | 4 | |a Sklaverei | |
| 650 | 4 | |a Menschenrechtsverletzungen | |
| 650 | 4 | |a Frauen | |
| 650 | 4 | |a Slavery | |
| 650 | 4 | |a human rights violations | |
| 650 | 4 | |a Women | |
| 652 | |a TK:ZB | ||
| 689 | 0 | 0 | |d g |0 (DE-588)4011882-4 |0 (DE-627)104704861 |0 (DE-576)208896155 |2 gnd |a Deutschland |
| 689 | 0 | 1 | |d s |0 (DE-588)4114475-2 |0 (DE-627)104540613 |0 (DE-576)209484926 |2 gnd |a Frauenhandel |
| 689 | 0 | 2 | |d s |0 (DE-588)4047516-5 |0 (DE-627)106194380 |0 (DE-576)209073810 |2 gnd |a Prostitution |
| 689 | 0 | 3 | |d s |0 (DE-588)4112701-8 |0 (DE-627)104321679 |0 (DE-576)209470127 |2 gnd |a Bekämpfung |
| 689 | 0 | |5 (DE-627) | |
| 689 | 1 | 0 | |d s |0 (DE-588)4013657-7 |0 (DE-627)106342479 |0 (DE-576)208904964 |2 gnd |a Eheschließung |
| 689 | 1 | 1 | |d s |0 (DE-588)4191183-0 |0 (DE-627)105244058 |0 (DE-576)21007180X |2 gnd |a Zwang |
| 689 | 1 | |5 (DE-627) | |
| 773 | 0 | 8 | |i In |t Geist & Leben |d Würzburg : Echter, 1947 |g 76(2003), 5, Seite 384-389 |w (DE-627)130122769 |w (DE-600)506125-8 |w (DE-576)015656063 |x 0016-5921 |7 nnas |
| 773 | 1 | 8 | |g volume:76 |g year:2003 |g number:5 |g pages:384-389 |
| 935 | |a mteo | ||
| 935 | |i Blocktest | ||
| 951 | |a AR | ||
| ELC | |b 1 | ||
| ITA | |a 1 |t 1 | ||
| LOK | |0 000 xxxxxcx a22 zn 4500 | ||
| LOK | |0 001 3313387756 | ||
| LOK | |0 003 DE-627 | ||
| LOK | |0 004 596925832 | ||
| LOK | |0 005 20160405142013 | ||
| LOK | |0 008 160404||||||||||||||||ger||||||| | ||
| LOK | |0 040 |a DE-Tue135 |c DE-627 |d DE-Tue135 | ||
| LOK | |0 092 |o n | ||
| LOK | |0 852 |a DE-Tue135 | ||
| LOK | |0 852 1 |9 00 | ||
| LOK | |0 935 |a ixzs |a ixmi | ||
| LOK | |0 936ln |0 1442053887 |a TK | ||
| LOK | |0 936ln |0 1442053755 |a ZB | ||
| LOK | |0 939 |a 04-04-16 |b l01 | ||
| ORI | |a SA-MARC-ixtheoa001.raw | ||
| REL | |a 1 | ||
| STA | 0 | 0 | |a Compulsion,Obligation,Coercion,Constraint,Deutschland (boat, 1866-1875),Germany,Germany,Germany,Germany,German Federal Republic (motif),Germany,Germany,Germany,Germany,Germany,Germany,Germany,German Democratic Republic,Germany,Federal Republic of Germany,Germany,Germany,Soviet Occupation Zone,French Occupation Zone,Prostitution,Prostitution,Slavery,Slavery,Struggle against,Fight against,Battle with,Wedding ceremony,Wedding ceremony,Marriage ceremony,Church wedding,White slave trade |
| STB | 0 | 0 | |a Contrainte,Deutschland (bateau, 1866-1875),Allemagne,Allemagne,République fédérale d'Allemagne (motif),Esclavage,Esclavage,Lutte,Mariage,Mariage,Prostitution,Prostitution,Traite des femmes,Trafic de femmes,Trafic de femmes |
| STC | 0 | 0 | |a Alemania,Alemania,Celebración del matrimonio,Celebración del matrimonio,Coacción,Compulsión,Compulsión,Combate,Esclavitud,Esclavitud,Prostitución,Prostitución,Trata de mujeres |
| STD | 0 | 0 | |a Contrazione di matrimonio <motivo>,Contrazione di matrimonio,Celebrazione del matrimonio,Celebrazione del matrimonio,Celebrazione del matrimonio (motivo),Celebrazione del matrimonio,Germania,Germania,Lotta a,Obbligo,Coazione,Coazione,Prostituzione,Prostituzione,Schiavitù,Schiavitù,Tratta delle donne |
| STE | 0 | 0 | |a 卖淫,卖淫,性交易,性交易,奴隶制度,奴隶制度,对抗,战斗,强迫,强制,德国,德国,结婚典礼,结婚典礼,婚礼,婚礼,贩卖妇女 |
| STF | 0 | 0 | |a 奴隸制度,奴隸制度,對抗,戰鬥,強迫,強制,德國,德國,結婚典禮,結婚典禮,婚禮,婚禮,販賣婦女,賣淫,賣淫,性交易,性交易 |
| STG | 0 | 0 | |a Alemanha,Alemanha,Celebração do casamento,Celebração do casamento,Coação,Compulsão,Compulsão,Combate,Escravidão,Escravidão,Prostituição,Prostituição,Tráfico de mulheres |
| STH | 0 | 0 | |a Борьба с,Германия (ГДР, мотив),Германия (мотив),Заключение брака (мотив),Заключение брака,Принуждение,Проституция (мотив),Проституция,Рабство (мотив),Рабство,Торговля женщинами |
| STI | 0 | 0 | |a Γερμανία (ΛΔΓ, μοτίβο),Γερμανία (μοτίβο),Δουλεία (μοτίβο),Δουλεία,Εμπορία γυναικών,Εμπόριο γυναικών,Καταναγκασμός,Καταπολέμηση,Πορνεία (μοτίβο),Πορνεία,Σύναψη γάμου (μοτίβο),Σύναψη γάμου |
| SUB | |a REL | ||
| SYE | 0 | 0 | |a Frau,Gesellschaft - Frauen,Frau,Frau |
| SYG | 0 | 0 | |a DDR,Deutsche Demokratische Republik,Germany,Amerikanische Zone Deutschlands,BRD,Britische Zone Deutschlands,Bundesrepublik Deutschland,Französische Zone Deutschlands,Vereinigtes Wirtschaftsgebiet Deutschlands,BRD,Bundesrepublik Deutschland , Vereinigtes Wirtschaftsgebiet,Bizone,Verwaltung des Vereinigten Wirtschaftsgebietes,Französische Zone,Zone Française d'Occupation,Französische Besatzungszone,ZFO,Britische Zone,British occupation zone,Britische Besatzungszone,British Zone of Control,Britisches Kontrollgebiet,British Element,Britisches Element,Sowjetische Zone,Russische Zone,Sowjetische Besatzungszone,Russische Besatzungszone,Sowjetische Besatzungszone Deutschlands,Sowjetische Besatzungszone in Deutschland,Sowjetisch Besetzte Zone,Sowjetzone,Ostzone,SBZ,Länder,Westliche Bundesländer,Alte Bundesländer,Deutschland,Westdeutschland,Deutschland,Westzonen,Westliche Besatzungszonen,Trizone,Amerikanische Zone,American occupation zone,Amerikanische Besatzungszone,ABZ,United States Area of Control,Amerikanisches Kontrollgebiet,U.S. zone of occupation,United States Zone,U.S. Zone,US-Zone,Alemanha,Alemania,Allemagne,Almanija,Almāniyā,Bondsrepubliek Duitsland,BRD,BRD,Bundesrepublik Deutschland,Deutschland,Deutschland,Federal Republic of Germany,Förbundsrepubliken Tyskland,Förbundsrepublikken Tyskland,FRG,Germany,Németországi Szövetségi Kőztársaság,Niemiecka Republika Federalna Niemiecka Republika Federalna,NRF,Repubblica Federale di Germania,Republic of Germany,República Federal da Alemanha,República Federal de Alemania,Republik Federasi Djerman,Republika Federalna Niemiec,République Fédérale d'Allemagne,RFN,Saksan Liittotasavalta,Westdeutschland,Deutsche Demokratische Republik,DDR,Deutschland,German Democratic Republic,GDR,République Démocratique Allemande,RDA,Germanskaja Demokratičeskaja Respublika,Demokratičeskaja Respublika,Democratic Republic,Demokratische Republik,Niemiecka Republika Demokratyczna,NRD,Ǧumhūrīyat Almāniyā ad-Dīmuqrāṭīya,República Democrática Alemana,Saksan Demokraattisen Tasavallan,Repubblica Democratica Tedesca,Mitteldeutschland,Ostdeutschland,East Germany,Ostzone,Deutsche Länder,Germany,Heiliges Römisches Reich,Rheinbund,Deutscher Bund,Norddeutscher Bund,Deutsches Reich,Deutschland,Deutschland,BRD,Federal Republic of Germany,Republic of Germany,Allemagne,Ǧumhūrīyat Almāniyā al-Ittiḥādīya,Bundesrepublik Deutschland,BRD,Niemcy,République Fédérale d'Allemagne,Repubblica Federale di Germania,Germanija,Federativnaja Respublika Germanija,FRG,Deyizhi-Lianbang-Gongheguo,Östliche Bundesländer,Neue Bundesländer,Länder,Deutschland,Ostdeutschland,Deutschland,Deutschland , Mädchenhandel,Frau , Gewerbliche Unzucht,Weibliche Prostitution,Sexarbeit , Eindämmung , Heirat,Trauung,Verehelichung,Vermählung |
| TIM | |a 100019901003_100020261231 |b 1990-10-03 - 2026 | ||



